000 00949nam a22002657a 4500
001 5734
003 FISKH
005 20250609154145.0
008 250117b cb ||||| |||| 00| 0 eng d
020 _a9780531220092
040 _aFISKH
_beng
_cFISKH
_dFISKH
050 _aGV1860.R64
082 _a620.0023
100 _aCunningham, Kevin
245 _aRoller coasters :
_bfrom concept to consumer /
_cby Kevin Cunningham
260 _aNew York :
_bChildren's Press ;
_c2014.
300 _a64 pages :
_bcolor illustrations ;
_c24 cm.
490 _aCalling All Innovators: A Career For You
520 _aExplores the roller coaster industry and what it takes to design and create coasters.
650 _aRoller coasters- Design and construction
_vJuvenile literature
650 _aEngineering- Vocational guidance
_vJuvenile literature
650 _aRoller coasters- History
_vJuvenile literature
942 _2ddc
_cBK
_n0
999 _c5734
_d5734